Finanzas públicas y desarrollo económico (Registro nro. 5592)
[ vista simple ]
| 000 -LEADER | |
|---|---|
| fixed length control field | 00960 a2200193 4500 |
| 001 - CONTROL NUMBER | |
| control field | 54509 |
| 005 - DATE AND TIME OF LATEST TRANSACTION | |
| control field | 20260407155818.0 |
| 008 - FIXED-LENGTH DATA ELEMENTS--GENERAL INFORMATION | |
| fixed length control field | 260407a1961 arg spa d |
| 003 - CONTROL NUMBER IDENTIFIER | |
| control field | AR-UNSa-BCEJYS |
| 040 ## - CATALOGING SOURCE | |
| Original cataloging agency | AR-UNSa-BCEJYS |
| Language of cataloging | spa |
| Transcribing agency | AR-UNSa-BCEJYS |
| 080 ## - UNIVERSAL DECIMAL CLASSIFICATION NUMBER | |
| Universal Decimal Classification number | 336.11 |
| Common auxiliary subdivision | Finanzas públicas como estudio de la gestión financiera. Teoría, métodos de las finanzas públicas en general |
| 100 1# - MAIN ENTRY--PERSONAL NAME | |
| Personal name | Tarantino, Jacinto R. |
| 245 10 - TITLE STATEMENT | |
| Title | Finanzas públicas y desarrollo económico |
| 264 #1 - PRODUCTION, PUBLICATION, DISTRIBUTION, MANUFACTURE, AND COPYRIGHT NOTICE | |
| Place of production, publication, distribution, manufacture | Buenos Aires : |
| Name of producer, publisher, distributor, manufacturer | EDIAR |
| Date of production, publication, distribution, manufacture, or copyright notice | 1961 |
| 300 ## - PHYSICAL DESCRIPTION | |
| Extent | 309 p. |
| Dimensions | 20 cm. |
| 505 ## - FORMATTED CONTENTS NOTE | |
| Formatted contents note | I. PRESUPUESTOS TEÓRICOS Y METODOLÓGICOS - II. ASPECTOS DE LAS FINANZAS Y DEL DESARROLLO ECONÓMICO - III. ASPECTOS DE LAS FINANZAS Y ÁMBITO DE ACCIÓN DE LAS FINANZAS PÚBLICAS - IV. GASTOS PÚBLICOS Y DESARROLLO ECONÓMICO - V. RECURSOS PÚBLICOS Y DESARROLLO ECONÓMICO - VI. PRESUPUESTO, PLANIFICACIÓN Y DESARROLLO ECONÓMICO |
| 590 ## - LOCAL NOTE (RLIN) | |
| Local note | niveau_biblio:m niveau_hierar:0 |
| 942 ## - ADDED ENTRY ELEMENTS (KOHA) | |
| Koha item type | |
| Withdrawn status | Lost status | Damaged status | Not for loan | Home library | Current library | Shelving location | Date acquired | Total checkouts | Full call number | Barcode | Date last seen | Price effective from | Koha item type |
|---|---|---|---|---|---|---|---|---|---|---|---|---|---|
| Biblioteca Prof. Eusebio Cleto del Rey | Biblioteca Prof. Eusebio Cleto del Rey | 07/04/2026 | 336.11 T176 | L22675 | 07/04/2026 | 07/04/2026 | Libro |